000 01477nam a2200361 i 4500
001 000016747
003 DO-SdBNP
005 20250306144549.0
007 ta
008 100310t1987 dr 001 0 spa d
040 _aDO-SdBNP
_bspa
_cBNPHU
_erda
082 4 _a378.7293
_bH565r
_222
100 1 _aHerrera, César A.,
_d1910-1988
_98333
_eautor
245 1 3 _aLa reinstalación de la Universidad de Santo Tomás de Aquino en 1815 /
_cCésar A. Herrera ; presentación Franklin Almeyda Rancier.
264 _aSanto Domingo :
_bUASD,
_c1987.
300 _a69 páginas ;
_c21 cm.
336 _2rdacontent
_atexto
_btxt
337 _2rdamedia
_asin mediación
_bn
338 _2rdacarrier
_avolumen
_bnc
490 _aPublicaciones de la Universidad Autónoma de Santo Domingo
_v571
490 _aArchivo Histórico
_v3
500 _aIncluye referencias bibliográficas y notas al pie de las páginas.
590 _aInventariado, 2018/MFF
610 2 0 _aUniversidad de Santo Tomás de Aquino
_937116
610 2 4 _aReal y Pontificia Universidad de Santo Domingo
_xHistoria
_933450
610 2 4 _aUniversidad Autónoma Dde Santo Domingo
_xHistoria
_918294
650 4 _aEducacion superior
_xHistoria
_zRepública Dominicana
_910133
650 4 _aUniversidades
_xHistoria
_zRepública Dominicana
_933451
700 1 _aAlmeyda Rancier, Franklin
_937117
710 1 _aUniversidad Autónoma de Santo Domingo
_972951
910 _aValidado. Control de calidad EMS.
942 _2ddc
_cLBS1
999 _c16279
_d16279